00339nam a2200133Ia 450000500170000000800410001704100080005808200150006610000180008124500450009926000400014430000090018465000120019320250729165746.0250729s2013 xx 000 0 und d aeng a930.7 SHIV aDr.S.Shivayya aVishayadaritha ithihasa mattu pouranithi aDhavanagerebPooja Prakashanac2013 a244p aHistory